| 000 | 00942nam a22002417a 4500 | ||
|---|---|---|---|
| 001 | BRCA_9364 | ||
| 003 | FranzMayer | ||
| 005 | 20230918123252.0 | ||
| 008 | 230828b |||||||| |||| 00| 0 eng d | ||
| 020 | _a9686661166 | ||
| 040 |
_aMFM _bespañol _cMFM |
||
| 050 | 0 |
_aF1215.M6 _bI59 1982 |
|
| 100 | 1 |
_4Autor _aInzúa Canales, Víctor _929354 |
|
| 240 |
_a1982 año interamericano de las artesanías _hArtesanías en papel y cartón _lespañol |
||
| 245 | 0 |
_a1982 año interamericano de las artesanías _bArtesanías en papel y cartón |
|
| 260 |
_aCDMX, México _bFONART _c1982 |
||
| 300 |
_a33 P _bIlustraciones _c22 cm |
||
| 500 | _aAnexo 1 | ||
| 505 | _aTexto en: españolIncluye índice temáticoIncluye bibliografíaDirigido a: artistas y artesanos mexicanos | ||
| 650 | 1 |
_2Indígenas de México _aVida social y costumbre _vArte popular _929355 |
|
| 651 |
_2Artesanias _aArte en papel _vArte en cartón _929356 |
||
| 942 |
_2lcc _cH |
||
| 999 |
_c10986 _d10986 |
||